| 000 | 00000nam##2200000za#4500 |
| 001 | 9.680886 |
| 003 | CaOODSP |
| 005 | 20200330065207 |
| 007 | ta |
| 008 | 150407|1999||||xxc||||| f|0| 0 fre|d |
| 020 | |a0-662-84002-X |
| 040 | |aCaOODSP|bfre |
| 043 | |an-cn--- |
| 086 | 1 |aSW21-43/1999F |
| 110 | 1 |aCanada. |bCondition féminine Canada. |
| 245 | 10|aLes femmes et la Loi canadienne sur les droits de la personne : |brecueil de rapports de recherche en matière de politiques / |cpar Donna Greschner et al. |
| 260 | |aOttawa - Ontario : |bCondition féminine Canada |c1999. |
| 300 | |a235p. : |bgraphiques, tableaux ; |c28 cm. |
| 500 | |aDonnées de catalogage avant publication (Canada) imprimées dans cette publication. Sommaire: La Loi canadienne sur les droits de la personne devrait-elle refléter fidèlement la Charte?--L'égalité matérielle des femmes et la protection des droits sociaux et économiques en vertu de la Loi canadienne sur les droits de la personne.--L'inégalité économique des femmes et la Loi canadienne sur les droits de la personne.--Les plaintes de harcèlement sexuel déposées auprès de la Commission canadienne des droits de la personne. |
| 504 | |aBibliographie. |
| 563 | |aCouverture souple |
| 590 | |a99-47|b1999-11-26 |
| 691 | 07|aDroits de la personne|2gcpds |
| 691 | 07|aFemme|2gcpds |
| 691 | 07|aDiscrimination sexuelle|2gcpds |
| 720 | 1 |aGreschner, Donna |
| 775 | 08|tWomen and the Canadian Human Rights Act : |w(CaOODSP)9.647462 |
| 776 | 0#|tLes femmes et la Loi canadienne sur les droits de la personne : |w(CaOODSP)9.632936 |